A text book of computer concepts and c programming : as per the syllabus prescribed by the VTU (Record no. 176519)

MARC details
000 -LEADER
fixed length control field 00454nam a2200157Ia 4500
008 - FIXED-LENGTH DATA ELEMENTS--GENERAL INFORMATION
fixed length control field 231217s9999 xx 000 0 und d
041 ## - LANGUAGE CODE
Language code of text/sound track or separate title English
082 ## - DEWEY DECIMAL CLASSIFICATION NUMBER
Classification number 001.6424C RAO;6
100 ## - MAIN ENTRY--PERSONAL NAME
Personal name Rao, K V.
245 #2 - TITLE STATEMENT
Title A text book of computer concepts and c programming : as per the syllabus prescribed by the VTU
250 ## - EDITION STATEMENT
Edition statement 3rd ed.
260 ## - PUBLICATION, DISTRIBUTION, ETC.
Date of publication, distribution, etc. 2002
Name of publisher, distributor, etc. Subhas Stores,
Place of publication, distribution, etc. Bangalore
300 ## - PHYSICAL DESCRIPTION
Extent 339
650 ## - SUBJECT ADDED ENTRY--TOPICAL TERM
Topical term or geographic name entry element computer,c,programming
942 ## - ADDED ENTRY ELEMENTS (KOHA)
Koha item type Books
Holdings
Date last seen Total checkouts Full call number Accession number Price effective from Category Lost status Damaged status Department Withdrawn status Home library Current library Shelving location Entry date Vendor Grants Billdate Currency symbol Conversion rate Discount Old discount
26/01/2024   001.6424C RAO;6 38747 26/01/2024 Books     Central Library   Central Library Central Library Central Library 24/11/2005 Publisher DONATED 08/09/2003 RS 1    
26/01/2024   001.6424C RAO;7 77940 26/01/2024 Books     Central Library   Central Library Central Library Central Library 31/03/2011   DONATED 28/03/2016 RS 1    

© For any Suggestions or Query, please contact the library staff @ librarian@pes.edu or Phone: +9180 2672 1983/ 2108.